[Event "AUT -U16B"]
[Site "Koestendorf"]
[Date "1998.04.04"]
[Round "1.1"]
[White "Unterlass, Fabian"]
[Black "Hummel, Markus"]
[Result "0-1"]
[WhiteElo "1830"]
[BlackElo "2106"]
[PlyCount "92"]
[EventDate "1998.04.04"]
[Source "A. Burger"]
[SourceDate "1998.04.10"]

1. e4 c5 2. Nc3 g6 3. Nf3 Bg7 4. d3 Nc6 5. Be3 d6 6. Be2 Nf6 7. O-O O-O 8. h3
e5 9. Nh2 Nd4 10. f4 exf4 11. Bxf4 Nxe2+ 12. Nxe2 d5 13. exd5 Nxd5 14. c3 Nxf4
15. Rxf4 Qc7 16. Ng4 f5 17. Ne3 Re8 18. Rf3 Be6 19. Qc2 Rad8 20. Rd1 Bf7 21.
Nc1 Bh6 22. Qf2 Rd7 23. g3 Rde7 24. Re1 Bd5 25. Rf4 Bxf4 26. gxf4 Re6 27. Qg3
g5 28. Kf2 Qxf4+ 29. Qxf4 gxf4 30. Nxd5 Rxe1 31. Nf6+ Kf7 32. Nxe8 Rxe8 33. Ne2
Kf6 34. Nxf4 Ke5 35. Ne2 Rd8 36. d4+ cxd4 37. Nxd4 Rxd4 38. cxd4+ Kxd4 39. Kf3
Ke5 40. a3 a6 41. b3 f4 42. h4 h5 43. b4 b5 44. Kf2 Ke4 45. Ke2 f3+ 46. Kf2 Kf4
0-1

[Event "AUT -U16B"]
[Site "Koestendorf"]
[Date "1998.04.04"]
[Round "1.2"]
[White "Burschowsky, Matthias"]
[Black "Wagner, Stephan"]
[Result "1-0"]
[WhiteElo "2012"]
[BlackElo "1816"]
[PlyCount "33"]
[EventDate "1998.04.04"]
[Source "A. Burger"]
[SourceDate "1998.04.10"]

1. Nf3 d6 2. d4 g6 3. e4 Bg7 4. Nc3 Nd7 5. Bc4 Ngf6 6. e5 dxe5 7. dxe5 Ng4 8.
Bxf7+ Kxf7 9. Ng5+ Ke8 10. Ne6 Ngxe5 11. Nxd8 Kxd8 12. O-O c6 13. Ne4 Kc7 14.
Bf4 b6 15. Ng5 Kb7 16. Ne6 Bf6 17. Re1 1-0

[Event "AUT -U16B"]
[Site "Koestendorf"]
[Date "1998.04.04"]
[Round "1.3"]
[White "Wolfram, Bernd"]
[Black "Herbst, Daniel"]
[Result "0-1"]
[WhiteElo "1791"]
[BlackElo "1979"]
[PlyCount "84"]
[EventDate "1998.04.04"]
[Source "A. Burger"]
[SourceDate "1998.04.10"]

1. e4 c5 2. Nf3 d6 3. d4 cxd4 4. Nxd4 Nf6 5. Nc3 a6 6. Be3 e5 7. Nb3 Be6 8. Be2
Be7 9. O-O O-O 10. f3 Nbd7 11. Nd5 Nxd5 12. exd5 Bf5 13. c4 Bg5 14. Qd2 Bxe3+
15. Qxe3 b6 16. Nd2 a5 17. Ne4 Bxe4 18. fxe4 Qc7 19. Rf2 Qc5 20. Qd2 f5 21.
exf5 Rxf5 22. Raf1 Raf8 23. Bg4 Rxf2 24. Rxf2 Rxf2 25. Qxf2 Nf6 26. Qxc5 bxc5
27. Bf5 g6 28. Bd3 Kg7 29. Kf2 Nd7 30. Ke2 Kh6 31. a3 Kg5 32. Ke3 Nf6 33. Be2
Kf5 34. Bd3+ e4 35. Be2 h5 36. h3 h4 37. Bd1 Nh5 38. Bc2 Ng3 39. Bd1 Ke5 40.
Bc2 Nf5+ 41. Ke2 Kd4 42. b3 Ne3 0-1

[Event "AUT -U16B"]
[Site "Koestendorf"]
[Date "1998.04.04"]
[Round "1.4"]
[White "Friedmann, Daniel"]
[Black "Eder, Martin"]
[Result "0-1"]
[WhiteElo "1932"]
[BlackElo "1781"]
[PlyCount "40"]
[EventDate "1998.04.04"]
[Source "A. Burger"]
[SourceDate "1998.04.10"]

1. d4 Nf6 2. Nf3 c5 3. c4 Qc7 4. Nc3 cxd4 5. Nb5 Qxc4 6. e4 Qc5 7. Bf4 Nc6 8.
Nc7+ Kd8 9. Ng5 e5 10. Nxa8 exf4 11. Nxf7+ Ke8 12. Nxh8 Qa5+ 13. Ke2 Qb5+ 14.
Qd3 Qxb2+ 15. Qd2 Qxa1 16. f3 Bb4 17. Qxf4 Qe1+ 18. Kd3 Qd1+ 19. Kc4 Qc2+ 20.
Kb5 a6+ 0-1

[Event "AUT -U16B"]
[Site "Koestendorf"]
[Date "1998.04.04"]
[Round "1.5"]
[White "Blocher, Joachim"]
[Black "Sprenger, Wendelin"]
[Result "0-1"]
[WhiteElo "1767"]
[BlackElo "1896"]
[PlyCount "106"]
[EventDate "1998.04.04"]
[Source "A. Burger"]
[SourceDate "1998.04.10"]

1. d4 Nf6 2. c4 g6 3. Nc3 Bg7 4. e4 d6 5. f3 O-O 6. Bg5 h6 7. Be3 e5 8. d5 Ne8
9. Qd2 Kh7 10. Bd3 f5 11. exf5 Bxf5 12. Nge2 Nd7 13. h4 Nc5 14. Bxc5 dxc5 15.
Ne4 Bxe4 16. Bxe4 Nd6 17. h5 Nxe4 18. hxg6+ Kxg6 19. Qd3 Qg5 20. Qxe4+ Qf5 21.
Ng3 Qxe4+ 22. fxe4 Rf4 23. Ke2 Raf8 24. Raf1 h5 25. Rxf4 exf4 26. Nf5 Re8 27.
Kf3 Be5 28. Rb1 a5 29. b3 Kg5 30. Rh1 b6 31. Ke2 Bf6 32. Kd3 Kg4 33. Nh6+ Kg5
34. Nf5 Kg4 35. Rb1 Rh8 36. Rh1 Re8 37. Rg1 Rh8 38. g3 fxg3 39. Nxg3 Bd4 40.
Ne2+ Bxg1 41. Nxg1 h4 42. e5 h3 43. Nxh3 Rxh3+ 44. Ke4 Kg5 45. d6 cxd6 46. exd6
Kf6 47. Kd5 Rd3+ 48. Kc6 Ke6 49. Kxb6 Kxd6 50. Kxa5 Kc6 51. Ka4 Rd2 52. a3 Rd4
53. Ka5 Rd8 0-1

[Event "AUT -U16B"]
[Site "Koestendorf"]
[Date "1998.04.04"]
[Round "1.6"]
[White "Flury, Samuel"]
[Black "Webersberger, Johann"]
[Result "1-0"]
[WhiteElo "1878"]
[BlackElo "1749"]
[PlyCount "81"]
[EventDate "1998.04.04"]
[Source "A. Burger"]
[SourceDate "1998.04.10"]

1. d4 Nf6 2. Nf3 g6 3. Bf4 Bg7 4. c3 O-O 5. Nbd2 d6 6. e4 Nbd7 7. h3 c5 8. d5
Rb8 9. a4 a6 10. a5 Re8 11. Bd3 Nf8 12. O-O Nh5 13. Bh2 e5 14. dxe6 Nxe6 15.
Nc4 Nef4 16. Bc2 Bf8 17. Qd2 Qf6 18. Rfd1 Nxh3+ 19. Kf1 N3f4 20. Nxd6 Bxd6 21.
Qxd6 Be6 22. Bxf4 Nxf4 23. Qxc5 Rbc8 24. Qe3 g5 25. g3 Bc4+ 26. Kg1 Rc6 27.
Nxg5 Qxg5 28. Qxf4 Qh5 29. Kg2 Ree6 30. Rd8+ Kg7 31. Qb8 Be2 32. Rg8+ Kf6 33.
Qd8+ Re7 34. Qd4+ Re5 35. Qd8+ Re7 36. g4 Bxg4 37. Qd4+ Re5 38. Qd8+ Re7 39.
Qd4+ Re5 40. Qe3 Ke7 41. Rh1 1-0

[Event "AUT -U16B"]
[Site "Koestendorf"]
[Date "1998.04.04"]
[Round "1.7"]
[White "Kutschker, Roman"]
[Black "Jahrer, Michael"]
[Result "1/2-1/2"]
[WhiteElo "1706"]
[BlackElo "1874"]
[PlyCount "146"]
[EventDate "1998.04.04"]
[Source "A. Burger"]
[SourceDate "1998.04.10"]

1. c4 Nf6 2. Nc3 e6 3. d4 d5 4. e3 Be7 5. Nf3 O-O 6. Bd2 b6 7. Be2 Bb7 8. O-O
c5 9. cxd5 Nxd5 10. Nxd5 Bxd5 11. Bc3 Nc6 12. Qc2 Rc8 13. dxc5 Bxf3 14. Bxf3
Bxc5 15. Qa4 Qc7 16. Rfd1 Ne5 17. Be2 Rfd8 18. Ba6 Rb8 19. Rxd8+ Rxd8 20. Rd1
Rxd1+ 21. Qxd1 Ng6 22. a3 Qd6 23. Qxd6 Bxd6 24. g3 Be5 25. f4 Bxc3 26. bxc3 Kf8
27. Kf2 Ke7 28. e4 f6 29. Ke3 Kd6 30. Kd3 Kc5 31. Bc4 e5 32. f5 Ne7 33. a4 Nc6
34. Ba2 b5 35. axb5 Kxb5 36. Bd5 Ne7 37. Ba2 a5 38. Kc2 Nc8 39. h4 Nd6 40. Bd5
Nc4 41. Kd3 Nb2+ 42. Kc2 Na4 43. g4 h6 44. Be6 Nc5 45. Bd5 a4 46. Ba8 Nb3 47.
Bd5 Na5 48. Kd3 Nb3 49. Kc2 Nc5 50. Ba8 a3 51. Bd5 a2 52. Bxa2 Nxe4 53. Bd5 Nf2
54. Bf3 Kc5 55. Kd2 Nh3 56. Be2 Nf4 57. Bf1 g6 58. Bd3 gxf5 59. Bxf5 Kd5 60. h5
Nh3 61. Kd3 Ng5 62. Kd2 Nf7 63. Bb1 Nd6 64. Ba2+ Ke4 65. Be6 Kf4 66. Ke2 e4 67.
c4 Ke5 68. Bg8 Kd4 69. c5 Kxc5 70. Ke3 Kc6 71. Kd4 Kd7 72. Bh7 Ke6 73. Bxe4 f5
1/2-1/2

[Event "AUT -U16B"]
[Site "Koestendorf"]
[Date "1998.04.04"]
[Round "1.8"]
[White "Hupfer, Robert"]
[Black "Zechner, Guenther"]
[Result "1-0"]
[WhiteElo "1854"]
[BlackElo "1625"]
[PlyCount "91"]
[EventDate "1998.04.04"]
[Source "A. Burger"]
[SourceDate "1998.04.10"]

1. d4 Nf6 2. c4 g6 3. Nc3 Bg7 4. e4 d6 5. f3 O-O 6. Be3 Nbd7 7. Nge2 c5 8. d5
Nb6 9. Ng3 e6 10. Qd2 Qe7 11. O-O-O exd5 12. cxd5 Bd7 13. Bd3 a6 14. Bh6 Nc8
15. Nge2 b5 16. g4 Na7 17. h4 a5 18. Ng3 c4 19. Bc2 b4 20. Nce2 Rfc8 21. Bxg7
Kxg7 22. Qg5 Nb5 23. Nh5+ Kf8 24. Qxf6 Qxf6 25. Nxf6 Ke7 26. Nxd7 Kxd7 27. Ba4
Rab8 28. Nd4 Rc5 29. Bxb5+ Rcxb5 30. Nxb5 Rxb5 31. Kd2 a4 32. Rc1 Rc5 33. h5 g5
34. a3 bxa3 35. bxa3 h6 36. Rc3 Ke7 37. Rhc1 Kf6 38. Rxc4 Rb5 39. Rxa4 Rb3 40.
Rc3 Rb2+ 41. Ke3 Ke5 42. Ra7 Kf6 43. Rd7 Rb6 44. Kf2 Rb2+ 45. Kg3 Rb6 46. Rc6
1-0

[Event "AUT -U16B"]
[Site "Koestendorf"]
[Date "1998.04.05"]
[Round "2.1"]
[White "Hummel, Markus"]
[Black "Flury, Samuel"]
[Result "1-0"]
[WhiteElo "2106"]
[BlackElo "1878"]
[PlyCount "105"]
[EventDate "1998.04.04"]
[Source "A. Burger"]
[SourceDate "1998.04.10"]

1. e4 c5 2. c3 g6 3. d4 cxd4 4. Qxd4 Nf6 5. Nf3 Nc6 6. Qa4 d5 7. exd5 Nxd5 8.
Bb5 Bd7 9. Qd1 Nf6 10. O-O Bg7 11. Re1 O-O 12. Bf4 Nh5 13. Bg5 Re8 14. Na3 h6
15. Be3 Bg4 16. Qxd8 Rexd8 17. Be2 Nf6 18. h3 Bf5 19. Nd4 Be4 20. Rad1 Nd5 21.
Nxc6 bxc6 22. Bc5 e5 23. Ba6 Nc7 24. Rxd8+ Rxd8 25. Rxe4 Nxa6 26. Bxa7 Rd1+ 27.
Kh2 Ra1 28. Rc4 c5 29. Ra4 Nc7 30. Nc4 Ne6 31. Ra5 Bf8 32. a3 Rc1 33. Bb8 f6
34. Ra6 Kf7 35. Bd6 Bxd6 36. Rxd6 e4 37. Rd2 f5 38. g4 Kf6 39. gxf5 gxf5 40.
Ne3 h5 41. Rd1 Rxd1 42. Nxd1 h4 43. Ne3 Ke5 44. Ng2 c4 45. Ne3 Nc5 46. Nxc4+
Kf4 47. b4 Na4 48. b5 Kf3 49. Kg1 Nxc3 50. b6 Ne2+ 51. Kf1 Nd4 52. b7 Nc6 53.
Ne5+ 1-0

[Event "AUT -U16B"]
[Site "Koestendorf"]
[Date "1998.04.05"]
[Round "2.2"]
[White "Sprenger, Wendelin"]
[Black "Burschowsky, Matthias"]
[Result "0-1"]
[WhiteElo "1896"]
[BlackElo "2012"]
[PlyCount "50"]
[EventDate "1998.04.04"]
[Source "A. Burger"]
[SourceDate "1998.04.10"]

1. c4 Nf6 2. g3 g6 3. Bg2 Bg7 4. Nc3 O-O 5. e3 e5 6. Nge2 d6 7. d4 Nc6 8. O-O
Re8 9. b3 h5 10. Bb2 e4 11. a3 Bf5 12. d5 Ne5 13. Nd4 Bg4 14. Qc2 Nf3+ 15. Bxf3
exf3 16. Rfe1 Nd7 17. h3 Bxh3 18. Nxf3 Qf6 19. Nd4 Ne5 20. Ne4 Nf3+ 21. Kh1
Rxe4 22. Qxe4 Nxe1 23. Rxe1 Qxf2 24. Re2 Qxg3 25. Qf4 Qg4 0-1

[Event "AUT -U16B"]
[Site "Koestendorf"]
[Date "1998.04.05"]
[Round "2.3"]
[White "Herbst, Daniel"]
[Black "Hupfer, Robert"]
[Result "1-0"]
[WhiteElo "1979"]
[BlackElo "1854"]
[PlyCount "155"]
[EventDate "1998.04.04"]
[Source "A. Burger"]
[SourceDate "1998.04.10"]

1. e4 e5 2. Nf3 Nc6 3. Bb5 a6 4. Ba4 Nf6 5. d4 exd4 6. O-O Be7 7. e5 Ne4 8.
Nxd4 Nc5 9. Nf5 Rg8 10. Bb3 Nxb3 11. axb3 d5 12. Nxe7 Nxe7 13. Bg5 Be6 14. Nc3
c6 15. Na4 Qc7 16. Bxe7 Kxe7 17. Qd4 Rgd8 18. Nc5 Kf8 19. f4 g6 20. b4 Kg8 21.
h3 h5 22. Nb3 Rab8 23. c3 Qe7 24. Qf2 Rf8 25. Qg3 Kh7 26. Nd4 Rg8 27. Qf3 Qh4
28. f5 gxf5 29. Kh2 Rg5 30. Qf4 Qxf4+ 31. Rxf4 Rbg8 32. Rg1 Kg6 33. Nf3 Re8 34.
Nxg5 Kxg5 35. g3 Bd7 36. Re1 f6 37. e6 Rxe6 38. Rxe6 Bxe6 39. Kg2 b6 40. h4+
Kg6 41. Rf1 Kf7 42. Ra1 Bc8 43. Kf3 Ke7 44. Re1+ Be6 45. Ra1 Bc8 46. b3 b5 47.
Ke3 Ke6 48. Re1 Kd6 49. Kd4 Bd7 50. Ra1 Bc8 51. Ra2 Bb7 52. Re2 a5 53. bxa5 c5+
54. Ke3 b4 55. cxb4 d4+ 56. Kd2 cxb4 57. Re8 Bd5 58. Rd8+ Kc5 59. Rxd5+ Kxd5
60. a6 Kc6 61. Kd3 Kb6 62. Kxd4 Kxa6 63. Kc5 Ka5 64. Kc4 Kb6 65. Kxb4 Kc6 66.
Kc4 Kd6 67. b4 Ke5 68. b5 Ke4 69. b6 Kf3 70. b7 Kxg3 71. b8=Q+ Kxh4 72. Qh2+
Kg4 73. Kd3 f4 74. Ke2 f5 75. Kf2 h4 76. Qg2+ Kh5 77. Qh3 Kg5 78. Kf3 1-0

[Event "AUT -U16B"]
[Site "Koestendorf"]
[Date "1998.04.05"]
[Round "2.4"]
[White "Eder, Martin"]
[Black "Kutschker, Roman"]
[Result "1-0"]
[WhiteElo "1781"]
[BlackElo "1706"]
[PlyCount "43"]
[EventDate "1998.04.04"]
[Source "A. Burger"]
[SourceDate "1998.04.10"]

1. e4 e5 2. Nc3 Nf6 3. f4 d6 4. Nf3 Bg4 5. Bc4 Be7 6. h3 Bxf3 7. Qxf3 Nbd7 8.
d3 Nb6 9. Bb3 O-O 10. fxe5 dxe5 11. Be3 c6 12. g4 Nfd7 13. O-O-O Nc5 14. Bxc5
Bxc5 15. h4 Qe7 16. g5 a5 17. a4 Kh8 18. Rdf1 f6 19. Qg3 fxg5 20. hxg5 Bd4 21.
Rxh7+ Kxh7 22. g6+ 1-0

[Event "AUT -U16B"]
[Site "Koestendorf"]
[Date "1998.04.05"]
[Round "2.5"]
[White "Jahrer, Michael"]
[Black "Friedmann, Daniel"]
[Result "0-1"]
[WhiteElo "1874"]
[BlackElo "1932"]
[PlyCount "78"]
[EventDate "1998.04.04"]
[Source "A. Burger"]
[SourceDate "1998.04.10"]

1. d4 d5 2. c4 e6 3. Nc3 Nf6 4. Bg5 Be7 5. Nf3 h6 6. Bh4 O-O 7. e3 b6 8. Rc1
Bb7 9. Bd3 dxc4 10. Bxc4 Nbd7 11. O-O c5 12. Qe2 Nd5 13. Bxe7 Qxe7 14. e4 Nxc3
15. Rxc3 cxd4 16. Nxd4 Nc5 17. e5 Rfd8 18. Nb3 Rac8 19. Nxc5 Rxc5 20. b4 Rc7
21. Qg4 Qxb4 22. Rg3 Qf8 23. Bd3 Rxd3 24. Rxd3 Ba6 25. Qd4 Bxd3 26. Qxd3 Qc5
27. Qd8+ Kh7 28. Qd3+ g6 29. Re1 Qa5 30. Rd1 Qxe5 31. g3 Qf5 32. Qb3 Rc2 33.
Qe3 Rxa2 34. Rd8 Ra5 35. Qc3 Qe5 36. Qf3 Qe1+ 37. Kg2 Rf5 38. Qe3 Qxe3 39. fxe3
Kg7 0-1

[Event "AUT -U16B"]
[Site "Koestendorf"]
[Date "1998.04.05"]
[Round "2.6"]
[White "Webersberger, Johann"]
[Black "Unterlass, Fabian"]
[Result "1-0"]
[WhiteElo "1749"]
[BlackElo "1830"]
[PlyCount "83"]
[EventDate "1998.04.04"]
[Source "A. Burger"]
[SourceDate "1998.04.10"]

1. e4 e5 2. Nf3 Nc6 3. Bb5 a6 4. Ba4 Bc5 5. O-O d6 6. c3 Bd7 7. Re1 Nf6 8. d4
exd4 9. cxd4 Bb4 10. Nc3 b5 11. Bc2 O-O 12. Qd3 Bg4 13. Bg5 Bh5 14. a3 Ba5 15.
b4 Bb6 16. Nd5 Re8 17. e5 Bg6 18. Qb3 dxe5 19. Nxb6 cxb6 20. Bxg6 hxg6 21. dxe5
Qd5 22. Qxd5 Nxd5 23. Red1 Nc3 24. Rd3 Na4 25. Bf4 g5 26. Bxg5 Nxe5 27. Nxe5
Rxe5 28. Be3 Rae8 29. Rd6 R5e6 30. Rad1 Nb2 31. Rxe6 Rxe6 32. Rd8+ Kh7 33. Ra8
Nc4 34. Rxa6 Nxe3 35. fxe3 Rxe3 36. Rxb6 Rxa3 37. Rxb5 Ra1+ 38. Kf2 Ra2+ 39.
Kg3 Ra3+ 40. Kf4 Ra2 41. g4 Rxh2 42. Rh5+ 1-0

[Event "AUT -U16B"]
[Site "Koestendorf"]
[Date "1998.04.05"]
[Round "2.7"]
[White "Wagner, Stephan"]
[Black "Blocher, Joachim"]
[Result "0-1"]
[WhiteElo "1816"]
[BlackElo "1767"]
[PlyCount "82"]
[EventDate "1998.04.04"]
[Source "A. Burger"]
[SourceDate "1998.04.10"]

1. d4 d5 2. c4 e6 3. Nc3 Nf6 4. Bg5 Be7 5. e3 O-O 6. Nf3 Nbd7 7. cxd5 exd5 8.
Bd3 c6 9. O-O Re8 10. Rb1 Ne4 11. Bxe7 Qxe7 12. Qc2 Ndf6 13. b4 Ng4 14. Bxe4
dxe4 15. Nd2 Qd6 16. g3 Qh6 17. h4 g5 18. Ndxe4 gxh4 19. Qe2 hxg3 20. fxg3 f5
21. Rf4 fxe4 22. Rxg4+ Bxg4 23. Qxg4+ Kh8 24. Qf4 Qxf4 25. gxf4 a6 26. Kf2 Re7
27. Rh1 Kg7 28. Rh5 h6 29. Kg3 Rg8 30. f5 Kh7+ 31. Kf4 Rg1 32. f6 Rf1+ 33. Kg4
Rxf6 34. Re5 Rg7+ 35. Kh3 Rf3+ 36. Kh2 Rxe3 37. Nxe4 Re2+ 38. Kh3 Rxa2 39. Nf6+
Kg6 40. Ng4 h5 41. Ne3 Rb2 0-1

[Event "AUT -U16B"]
[Site "Koestendorf"]
[Date "1998.04.05"]
[Round "2.8"]
[White "Zechner, Guenther"]
[Black "Wolfram, Bernd"]
[Result "0-1"]
[WhiteElo "1625"]
[BlackElo "1791"]
[PlyCount "114"]
[EventDate "1998.04.04"]
[Source "A. Burger"]
[SourceDate "1998.04.10"]

1. Nf3 Nf6 2. g3 g6 3. b3 d5 4. d4 Bg7 5. Bb2 O-O 6. Bg2 Nbd7 7. c4 c6 8. O-O
Ne4 9. Nbd2 f5 10. Qc2 Ndf6 11. Ne5 Be6 12. f3 Nd6 13. Rfe1 Bh6 14. c5 Be3+ 15.
Kh1 Nf7 16. Qd3 f4 17. Nf1 Bf2 18. Red1 Bf5 19. Qd2 fxg3 20. Nxg3 Bxg3 21. hxg3
Nd7 22. e4 Be6 23. Rac1 Ndxe5 24. dxe5 dxe4 25. Qe3 Qa5 26. a3 exf3 27. Qxf3
Bd5 28. Qe3 Bxg2+ 29. Kxg2 e6 30. Rd7 Rad8 31. b4 Qb5 32. Rcd1 Qc4 33. R1d4
Qc2+ 34. Qd2 Qxd2+ 35. Rxd2 Rxd7 36. Rxd7 Rd8 37. Rxd8+ Nxd8 38. Kf3 Kg7 39.
Kf4 Nf7 40. g4 g5+ 41. Kf3 Kg6 42. Bd4 h5 43. Bc3 hxg4+ 44. Kxg4 Nh6+ 45. Kg3
Kf5 46. Kf3 Ng4 47. Bd4 Nxe5+ 48. Kg3 Nd3 49. Kf3 e5 50. Be3 e4+ 51. Kg3 Nb2
52. Bc1 Nc4 53. a4 g4 54. b5 e3 55. Kg2 Kf4 56. Kg1 Kf3 57. Kf1 g3 0-1

[Event "AUT -U16B"]
[Site "Koestendorf"]
[Date "1998.04.06"]
[Round "3.1"]
[White "Herbst, Daniel"]
[Black "Hummel, Markus"]
[Result "1/2-1/2"]
[WhiteElo "1979"]
[BlackElo "2106"]
[PlyCount "42"]
[EventDate "1998.04.04"]
[Source "A. Burger"]
[SourceDate "1998.04.10"]

1. e4 c5 2. Nc3 d6 3. f4 Nc6 4. Nf3 Nf6 5. Bb5 g6 6. d3 Bg7 7. O-O O-O 8. Bxc6
bxc6 9. Qe1 Rb8 10. Rb1 Bg4 11. b3 Bxf3 12. Rxf3 Nd7 13. Bd2 e6 14. g4 d5 15.
g5 Bxc3 16. Bxc3 d4 17. Bd2 f6 18. gxf6 Qxf6 19. Qg3 Kh8 20. Rbf1 Qg7 21. Kh1
Rf7 1/2-1/2

[Event "AUT -U16B"]
[Site "Koestendorf"]
[Date "1998.04.06"]
[Round "3.2"]
[White "Burschowsky, Matthias"]
[Black "Eder, Martin"]
[Result "1-0"]
[WhiteElo "2012"]
[BlackElo "1781"]
[PlyCount "53"]
[EventDate "1998.04.04"]
[Source "A. Burger"]
[SourceDate "1998.04.10"]

1. Nf3 Nf6 2. g3 g6 3. Bg2 Bg7 4. O-O d5 5. c4 c6 6. d4 dxc4 7. Qc2 b5 8. a4
Bf5 9. Qd1 a6 10. Ne5 Be4 11. f3 Bxb1 12. Rxb1 Nfd7 13. f4 Nxe5 14. fxe5 Ra7
15. Be3 Rd7 16. Qc2 c5 17. e6 fxe6 18. dxc5 Bd4 19. Qe4 e5 20. Bxd4 exd4 21.
Qe5 Rg8 22. Qe6 Rg7 23. Rf2 Rc7 24. Rbf1 Nd7 25. c6 Rxc6 26. Bxc6 Qb6 27. Rf8#
1-0

[Event "AUT -U16B"]
[Site "Koestendorf"]
[Date "1998.04.06"]
[Round "3.3"]
[White "Friedmann, Daniel"]
[Black "Webersberger, Johann"]
[Result "1-0"]
[WhiteElo "1932"]
[BlackElo "1749"]
[PlyCount "95"]
[EventDate "1998.04.04"]
[Source "A. Burger"]
[SourceDate "1998.04.10"]

1. d4 Nf6 2. Nf3 d6 3. g3 g6 4. Bg2 Bg7 5. O-O O-O 6. b3 Nbd7 7. Bb2 c5 8. c4
Qc7 9. Nc3 a6 10. e3 Rd8 11. Qc2 b6 12. Rad1 Bb7 13. Rfe1 Rac8 14. e4 cxd4 15.
Nxd4 Ne5 16. f4 Nc6 17. Nxc6 Bxc6 18. Qe2 e6 19. Rd2 b5 20. cxb5 axb5 21. Kh1
b4 22. Nb5 Qb8 23. Nd4 Ba8 24. Qb5 Qa7 25. Qxb4 d5 26. exd5 Nxd5 27. Qa4 Qc5
28. Rc2 Qxc2 29. Nxc2 Rxc2 30. Bxg7 Rxg2 31. Kxg2 Nb6+ 32. Kh3 Nxa4 33. Bf6 Rd5
34. bxa4 Rh5+ 35. Kg4 Rc5 36. Rb1 h5+ 37. Kh4 Rc8 38. a5 Kf8 39. a6 Ke8 40. a7
Kd7 41. Rb8 Bd5 42. Kg5 e5 43. Bxe5 Re8 44. a4 Rc8 45. a5 Re8 46. a6 Rc8 47.
Rb7+ Ke6 48. Bb8 1-0

[Event "AUT -U16B"]
[Site "Koestendorf"]
[Date "1998.04.06"]
[Round "3.4"]
[White "Hupfer, Robert"]
[Black "Sprenger, Wendelin"]
[Result "1/2-1/2"]
[WhiteElo "1854"]
[BlackElo "1896"]
[PlyCount "73"]
[EventDate "1998.04.04"]
[Source "A. Burger"]
[SourceDate "1998.04.10"]

1. d4 Nf6 2. c4 g6 3. Nc3 Bg7 4. e4 d6 5. f3 O-O 6. Be3 Nc6 7. Qd2 a6 8. Nge2
Rb8 9. Bh6 b5 10. h4 bxc4 11. g4 Bxh6 12. Qxh6 Rxb2 13. h5 Nb4 14. hxg6 fxg6
15. Ng3 Nc2+ 16. Kd1 Nxa1 17. g5 e6 18. gxf6 Rf7 19. Nh5 gxh5 20. Rg1+ Kh8 21.
Rg7 Qg8 22. Rxg8+ Kxg8 23. Qg5+ Kf8 24. Bh3 Rh2 25. Qg3 Rc2 26. f4 Rxf6 27. e5
Rg6 28. Qe3 h4 29. Ne2 c3 30. exd6 Rd2+ 31. Kc1 Rxe2 32. Qxe2 Rg1+ 33. Bf1 h3
34. f5 h2 35. fxe6 h1=Q 36. Qf2+ Kg7 37. Qf7+ 1/2-1/2

[Event "AUT -U16B"]
[Site "Koestendorf"]
[Date "1998.04.06"]
[Round "3.5"]
[White "Flury, Samuel"]
[Black "Wolfram, Bernd"]
[Result "1-0"]
[WhiteElo "1878"]
[BlackElo "1791"]
[PlyCount "63"]
[EventDate "1998.04.04"]
[Source "A. Burger"]
[SourceDate "1998.04.10"]

1. d4 Nf6 2. Nf3 g6 3. Bf4 Bg7 4. e3 O-O 5. Bd3 d5 6. Nbd2 Nbd7 7. O-O c5 8. c3
c4 9. Bc2 Nh5 10. Bg5 Nhf6 11. e4 Nb6 12. exd5 Qxd5 13. a4 Be6 14. Re1 Rac8 15.
Ne4 Nbd7 16. Qd2 Bg4 17. Nxf6+ Nxf6 18. Ne5 Be6 19. Bh6 Rfd8 20. Bxg7 Kxg7 21.
f4 Rc7 22. Re3 Ng4 23. Be4 Qd6 24. Nxg4 Bxg4 25. Rg3 Qd7 26. Rf1 Bf5 27. Bxf5
Qxf5 28. Rg5 Qd7 29. f5 Qxa4 30. Qf4 Qc6 31. fxg6 fxg6 32. Rc5 1-0

[Event "AUT -U16B"]
[Site "Koestendorf"]
[Date "1998.04.06"]
[Round "3.6"]
[White "Blocher, Joachim"]
[Black "Jahrer, Michael"]
[Result "1/2-1/2"]
[WhiteElo "1767"]
[BlackElo "1874"]
[PlyCount "57"]
[EventDate "1998.04.04"]
[Source "A. Burger"]
[SourceDate "1998.04.10"]

1. d4 Nf6 2. c4 e6 3. Nf3 b6 4. g3 Bb7 5. Bg2 Bb4+ 6. Bd2 Bxd2+ 7. Qxd2 O-O 8.
O-O d5 9. cxd5 Nxd5 10. Nc3 Nxc3 11. Qxc3 Nd7 12. b4 Nf6 13. Rac1 Rc8 14. e3
Qe7 15. Ne5 Bxg2 16. Kxg2 c5 17. bxc5 bxc5 18. dxc5 Ne4 19. Qa3 Nxc5 20. Kg1
Qd6 21. Nd7 Qxd7 22. Rxc5 Rxc5 23. Qxc5 Rc8 24. Qb4 Qd5 25. Qa4 Qc5 26. Rd1 h6
27. Rd7 a5 28. Qd4 Qf5 29. Rd8+ 1/2-1/2

[Event "AUT -U16B"]
[Site "Koestendorf"]
[Date "1998.04.06"]
[Round "3.7"]
[White "Kutschker, Roman"]
[Black "Wagner, Stephan"]
[Result "1-0"]
[WhiteElo "1706"]
[BlackElo "1816"]
[PlyCount "43"]
[EventDate "1998.04.04"]
[Source "A. Burger"]
[SourceDate "1998.04.10"]

1. c4 d6 2. Nc3 g6 3. d4 Bg7 4. e4 e5 5. d5 Ne7 6. Bd3 O-O 7. Nge2 a5 8. O-O f5
9. f4 exf4 10. Bxf4 Na6 11. Be3 b6 12. Qd2 Nc5 13. Bd4 Nxd3 14. Qxd3 fxe4 15.
Nxe4 Bf5 16. Bxg7 Bxe4 17. Qxe4 Kxg7 18. Nf4 Kg8 19. Ne6 Rxf1+ 20. Rxf1 Qd7 21.
Qf3 Nf5 22. g4 1-0

[Event "AUT -U16B"]
[Site "Koestendorf"]
[Date "1998.04.06"]
[Round "3.8"]
[White "Unterlass, Fabian"]
[Black "Zechner, Guenther"]
[Result "1-0"]
[WhiteElo "1830"]
[BlackElo "1625"]
[PlyCount "116"]
[EventDate "1998.04.04"]
[Source "A. Burger"]
[SourceDate "1998.04.10"]

1. e4 c5 2. Nc3 Nc6 3. f4 d6 4. Nf3 g6 5. Bb5 Bd7 6. O-O Bg7 7. d3 e6 8. Be3
Nge7 9. Qe1 Qc7 10. h3 a6 11. Bxc6 Nxc6 12. f5 gxf5 13. exf5 O-O-O 14. Bg5 Rde8
15. f6 Bf8 16. Bf4 Rg8 17. Qh4 Rg6 18. Ne4 h6 19. Rf2 e5 20. Be3 b6 21. Nh2 d5
22. Ng3 Nd4 23. c3 Ne6 24. Nhf1 Ng5 25. d4 exd4 26. cxd4 c4 27. Bf4 Qc6 28. Be5
Bd6 29. Re1 b5 30. Kh2 Qb6 31. Nf5 Ne4 32. Nxd6+ Nxd6 33. Ng3 b4 34. Qf4 Nb5
35. Rfe2 Be6 36. Nf5 Bxf5 37. Qxf5+ Re6 38. h4 Qd8 39. Qf3 a5 40. b3 c3 41. Qd3
Nc7 42. Rf1 Qe8 43. g3 Qb5 44. Qc2 Ne8 45. Ref2 Qc6 46. Qxg6 Nxf6 47. Qf5 Ne4
48. Rc2 f6 49. Bf4 Kb7 50. Bxh6 Qb6 51. Qxd5+ Ka6 52. Bf4 Nd2 53. Rf2 Nb1 54.
Qa8+ Kb5 55. Qb8 Na3 56. Qxb6+ Kxb6 57. Rce2 Rxe2 58. Rxe2 c2 1-0

[Event "AUT -U16B"]
[Site "Koestendorf"]
[Date "1998.04.07"]
[Round "4.1"]
[White "Hummel, Markus"]
[Black "Burschowsky, Matthias"]
[Result "1/2-1/2"]
[WhiteElo "2106"]
[BlackElo "2012"]
[PlyCount "50"]
[EventDate "1998.04.04"]
[Source "A. Burger"]
[SourceDate "1998.04.10"]

1. e4 c5 2. c3 d5 3. exd5 Qxd5 4. d4 Nf6 5. Nf3 Bg4 6. Be2 e6 7. O-O Nc6 8. Be3
cxd4 9. Nxd4 Bxe2 10. Qxe2 Nxd4 11. Bxd4 Be7 12. Rd1 Qc6 13. Nd2 O-O 14. Nf3
Rfd8 15. Be5 Qe4 16. Qxe4 Nxe4 17. Kf1 Bc5 18. Bd4 Bxd4 19. Nxd4 Kf8 20. Ke2
Ke7 21. f3 Nc5 22. b3 a6 23. c4 Rd7 24. Rd2 Rad8 25. Rad1 g6 1/2-1/2

[Event "AUT -U16B"]
[Site "Koestendorf"]
[Date "1998.04.07"]
[Round "4.2"]
[White "Eder, Martin"]
[Black "Herbst, Daniel"]
[Result "1-0"]
[WhiteElo "1781"]
[BlackElo "1979"]
[PlyCount "112"]
[EventDate "1998.04.04"]
[Source "A. Burger"]
[SourceDate "1998.04.10"]

1. e4 c5 2. Nf3 d6 3. d4 cxd4 4. Nxd4 Nf6 5. Nc3 a6 6. Be3 e5 7. Nb3 Be6 8. Qd2
Nbd7 9. f3 Be7 10. g4 Nb6 11. O-O-O Nfd7 12. Qf2 O-O 13. h4 a5 14. a4 Qc7 15.
Kb1 Rfb8 16. g5 Nxa4 17. Nxa4 b5 18. Nc3 a4 19. Nc1 b4 20. Nd5 Bxd5 21. Rxd5 a3
22. Nb3 axb2 23. Kxb2 Qc3+ 24. Kb1 Ra4 25. Bb5 Nc5 26. Bxa4 Nxa4 27. Bc1 Qc8
28. Bb2 Bd8 29. Qd2 Bb6 30. Rxd6 Bd4 31. Rxd4 exd4 32. Qxd4 Nc3+ 33. Bxc3 bxc3
34. Kc1 Qc7 35. Qe3 Qc4 36. Rd1 Rc8 37. Qd4 Qc7 38. Qd6 h6 39. Qxc7 Rxc7 40.
gxh6 gxh6 41. Rd5 Re7 42. Rc5 f5 43. Rxf5 Rg7 44. Kb1 Rg1+ 45. Nc1 Rh1 46. h5
Kg7 47. e5 Re1 48. f4 Kg8 49. Rf6 Kg7 50. Rc6 Re4 51. Nd3 Re2 52. Rg6+ Kh7 53.
e6 Rh2 54. e7 Rd2 55. Re6 Rh2 56. Re1 Rd2 1-0